Przystanki autobusowe PKM Jaworzno - Statystyki

Ogólne statystyki
  • Ten quiz został rozwiązany 146 razy
  • Średni wynik to 45 z 265
Statystyki odpowiedzi
Przystanek % Poprawnych
Centrum
77%
Osiedle Stałe
74%
Krakowska Pętla
62%
Leopold
54%
Azot
53%
Osiedle Stałe Kalinowa
53%
Szczakowa Dworzec PKP
51%
Byczyna
49%
Łubowiec
49%
Pechnik
49%
Urząd Miejski
49%
Pechnik Cmentarz
47%
Urząd Skarbowy
47%
Katowice Aleja Korfantego
46%
Matejki
43%
Podłęże Osiedle
41%
Podłęże Przychodnia
40%
Rynek
39%
Elektrownia
38%
Podwale
38%
Niedzieliska
37%
Rogatka
37%
Szpital
37%
Byczyna Astrów
36%
Dąbrowa Narodowa Kościół
36%
Biblioteka
34%
Ciężkowice Kościół
33%
Geosfera
33%
Szczakowska
33%
Bory Czysta
32%
Dobra
31%
Matejki Arkady
31%
Pieczyska Szkoła
31%
Podłęże Kościół
31%
Osiedle Stałe Cmentarz Pętla
30%
Podłęże Szkoła
30%
Szczakowa Osiedle Gagarina
30%
Ciężkowice Pętla
29%
Góra Piasku
29%
Moniuszki
29%
Warpie
29%
Długoszyn
28%
Katowice Strefa Kultury
28%
Obrońców Poczty Gdańskiej
28%
Podwale Liceum
28%
Azot Osiedle
26%
Cezarówka Dolna
26%
Szczakowa Przychodnia
26%
Elektrownia Zespół Szkół
25%
Gigant Osiedle
25%
Osiedle Stałe Armii Krajowej
25%
Stara Huta
25%
Szczakowa Cmentarz
25%
Wilkoszyn
25%
Chełmońskiego
24%
Ciężkowice Szkoła
24%
Dąbrowa Narodowa Dąbrowska
24%
Elektrownia Parking
24%
Niedzieliska Wiejska
24%
Dobra Pętla
23%
Jeleń Dąb Pętla
23%
Niedzieliska Klub Relaks
23%
Stadion Miejski
23%
Szczakowa Kościół
23%
Szczotki Pętla
23%
Zielona
23%
Ciężkowice Stadion
22%
Mysłowice Kościół
22%
Pieczyska Centrum Nurkowe
22%
Podwale 11 Listopada
22%
Podwale Licealna
22%
Rzemieślnicza
22%
Szczakowa Polna
22%
Warpie Wodociągi
22%
Chełmońskiego Pompy
21%
Podłęże Towarowa 1
21%
Podłęże Towarowa 2
21%
Sosnowiec Niwka Kościół
21%
Szpital Pętla
21%
Azot Młynarska
20%
Byczyna Pętla
20%
Ciężkowice Bagienko
20%
Dobra Pompy
20%
Kóźmin
20%
Mysłowice Bończyka
20%
Plac Świętego Jana
20%
Podłęże Stadion
20%
Pszczelnik
20%
Sobieski Pętla
20%
Chropaczówka
18%
Chropaczówka 2
18%
Chrzanów Dworzec Autobusowy
18%
Ciężkowice Wakacyjna
18%
Gigant Złota
18%
Jeleń Łęg Pętla
18%
Sosnowiec Jęzor Centrum Handlowe
18%
Bory Podgórska
17%
Ciężkowice Braci Śniadeckich
17%
Góra Piasku Kaliska
17%
Insurekcji Kościuszkowskiej
17%
Łubowiec Cmentarz Pętla
17%
Martyniaków
17%
Podwale Działkowa
17%
Bory Hetmańska
16%
Ciężkowice Górka
16%
Ciężkowice Turystyczna
16%
Darwina
16%
Jeleń Rynek
16%
Pieczyska Solskiego
16%
Warpie Galmany
16%
Borowiec Moździerzowców 1
15%
Borowiec Moździerzowców 2
15%
Bory Bielany
15%
Bory Rondo
15%
Byczyna Szkoła
15%
Cezarówka Dolna Pętla
15%
Ciężkowice Kapliczka
15%
Ciężkowice Młyny Serafińskie
15%
Jeleń Cmentarz
15%
Jeleń Kościół
15%
Katowice Strefa Kultury NOSPR
15%
Osiedle Stałe Starowiejska
15%
Sosnowiec Dworzec PKP
15%
Wysoki Brzeg
15%
Bory Bielańska
14%
Bory Zakole
14%
Ciężkowice Filomatów
14%
Jeleń Szkoła
14%
Jeziorki Szkoła
14%
Kolejowa
14%
Łubowiec Osiedle
14%
Osiedle Stałe Sempołowskiej
14%
Podłęże Fredry
14%
Siłownia
14%
Sosnowiec Centrum Logistyczne
14%
Wilkoszyn Chełmońskiego
14%
Cezarówka Górna Pętla
13%
Chrzanów Kąty 1
13%
Chrzanów Kąty 2
13%
Ciężkowice Bobrowa Górka
13%
Ciężkowice Dęby
13%
Ciężkowice Grabańka
13%
Ciężkowice Leśniczówka
13%
Jeziorki Kościół
13%
Katowice Francuska
13%
Kóźmin Las
13%
Martyniaków Przejazd
13%
Mylna
13%
Mysłowice Kopalnia
13%
Stara Huta Spacerowa
13%
Szczakowa Bukowska
13%
Wilkoszyn Cmentarz
13%
Borowiec Dąbrowskiego
11%
Bory Hetmańska Pętla
11%
Bory Niemcewicza
11%
Byczyna Abstorskich
11%
Cezarówka Dolna Autostrada
11%
Ciężkowice Dworzec Kolejowy
11%
Ciężkowice Klinowa
11%
Energetyków
11%
Szyb Sobieski
11%
Wysoki Brzeg Pętla
11%
Borowiec Moździerzowców Szkoła
10%
Długoszyn Upadowa
10%
Jeleń Dąb Sklep
10%
Jeleń Piekarnia
10%
Jeziorki Dożynkowa
10%
Organika
10%
Osiedle Skałka
10%
Sosnowiec Urząd Miasta
10%
Stara Huta Fabryczna
10%
Bory Stroma
9%
Bory Tetmajera
9%
Byczyna Dom Handlowy
9%
Dom Pomocy Społecznej
9%
Gigant Bogusławskiego
9%
Jeleń Dom Kultury
9%
Podłęże Brodzińskiego
9%
Sosnowiec Jagiellońska
9%
Sosnowiec Rondo Ludwik
9%
Sosnowiec Szpital Wojewódzki
9%
Byczyna Dom Kultury
8%
Byczyna Gwardzistów
8%
Chrzanów Balin Bar
8%
Chrzanów Balin Szkoła
8%
Chrzanów Balin Wolności
8%
Chrzanów Śródmieście
8%
Jeziorki Sklep
8%
Katowice Mariacka
8%
Katowice Szkolna
8%
Mysłowice Katowicka
8%
Piaskowa
8%
Promienna
8%
Wojska Polskiego
8%
Byczyna Kaczeńców 1
7%
Byczyna Kaczeńców 2
7%
Byczyna Rewolucjonistów
7%
Cezarówka Górna Sasanek
7%
Chrzanów Kąty Autostrada
7%
Dąbrowa Narodowa Brzozowa
7%
Dąbrowa Narodowa Długoszyńska
7%
Dąbrowa Narodowa Długoszyńska 2
7%
Długoszyn Dąbrowskiego
7%
Górnośląska
7%
Jeleń Banasika
7%
Jeleń Centrum Handlowe
7%
Jeleń Dąb Leśniczówka
7%
Jeleń Dolna
7%
Jeleń Lipinka
7%
Jeleń Przedszkole
7%
Sosnowiec Jęzor Jaworznicka
7%
Sosnowiec Ostrogórska
7%
Sosnowiec Wspólna
7%
Stara Huta Reja
7%
Chrzanów Balin Kościół
6%
Chrzanów Park
6%
Dąbrowa Narodowa Emilii Plater
6%
Dąbrowa Narodowa Kapliczka
6%
Dąbrowa Narodowa Lema
6%
Dąbrowa Narodowa Storczyków
6%
Jeleń Inwestycyjna
6%
Jeleń Łęg Pawilon
6%
Jeleń Okrągle Kapliczka
6%
Jeleń Okrągle Skrzyżowanie
6%
Jeziorki Kasztanowa
6%
Katowice Osiedle Paderewskiego Graniczna
6%
Katowice Zawodzie Ośrodek Sportowy
6%
Obwodnica Północna Rondo
6%
Pieczyska Przejazd
6%
Sosnowiec Jagiellońska Kościoł
6%
Sosnowiec Modrzejów Rynek
6%
Sosnowiec Niwka Baza
6%
Sosnowiec Pogoń Akademiki
6%
Sosnowiec Pogoń Orla
6%
Strefa Przemysłowa 2
6%
Strefa Przemysłowa 3
6%
Szczakowa Bukowska Pętla
6%
Chrzanów Działki
5%
Góra Piasku Batorego Szkoła
5%
Katowice Osiedle Paderewskiego Biblioteka Śląska
5%
Katowice Zawodzie Waleriana
5%
Sosnowiec Kościelna
5%
Sosnowiec Niwka Kolonia Staszic
5%
Wiejska Kościół
5%
Chrzanów Śląska
3%
Chrzanów Tuczarnia
3%
Dąbrowa Narodowa Długa
3%
Dąbrowa Narodowa Spółdzielcza
3%
Gigant Bogusławskiego Przychodnia
3%
Jeleń Park Przemysłowy
3%
Jeleń Wielki Dół
3%
Jeziorki Herbowa
3%
Katowice Wilhelmina Skrzyżowanie
3%
Osiedle Cegielniana
3%
Sosnowiec Pogoń Kościół
3%
Chrzanów Księdza Skorupki
2%
Dąbrowa Narodowa Starowiejska
2%
Kóźmin Jesienna
2%
Sosnowiec Dębowa Góra Wiadukt
2%
Sosnowiec Pogoń Klub Kiepury
2%
Mysłowice Targ Miejski
1%
Sosnowiec Sienkiewicza
1%
Sosnowiec Osiedle Naftowa
0%
Sosnowiec Osiedle Naftowa Pętla
0%
Sosnowiec Teatralna
0%
Nie znaleziono quizów pasujących do podanych kryteriów
Rozkład punktacji
Procent ludzi z każdym wynikiem
Percentyl według liczby udzielonych odpowiedzi
Twoja historia wyników
Nie rozwiązałeś tego quizu